000 00357 a2200157 4500
001 74747
020 _a
040 _cAnchieta - Colégio São Paulo
100 _aBarros, Fabiana
240 1 0 _aO Diário de Kalina Farfalla
_lpor
245 1 0 _aO Diário de Kalina Farfalla
300 _a216
362 0 _a0
650 4 _aLiteratura juvenil
942 _cBK
999 _c74747
_d74747